The lord of the rings

Uloženo v:
Podrobná bibliografie
Hlavní autor: Tolkien, J. R. R (Autor)
Médium: Kniha
Jazyk:angličtina
Vydáno: Nueva York Ballantine Books 1965
Témata:
Tagy: Přidat tag
Žádné tagy, Buďte první, kdo vytvoří štítek k tomuto záznamu!

MARC

LEADER 00000nam a2200000 a 4500
001 UCQ4325
003 CL-VaPUC
008 980904e19650000US |||||||||||||||||eng|d
082 0 4 |a 823  |b TOL  |2 21 
100 0 |a Tolkien, J. R. R  |e author  |9 418571 
245 1 4 |a The lord of the rings 
300 |a 3 v 
942 |c BK 
945 |d 19980904 00:00:00  |a crobeson 
260 |a Nueva York  |b Ballantine Books  |c 1965 
500 |a v.1: The fellowship of the ring; v.2: The two towers; The return of the king 
650 0 |a Novelas inglesas  |9 265220 
650 0 |a Literatura inglesa  |9 312907 
583 |a last modification  |c 19980904 00:00:00  |k Rodrigo Vera 
999 |c 274710  |d 274708 
952 |0 0  |1 0  |4 0  |6 823_000000000000000_TOL_1965  |7 0  |8 A  |9 311000  |a BIBEDU  |b BIBEDU  |d 2019-11-20  |h v.2  |i 1460927  |l 1  |o 823 TOL 1965  |p 1460927  |r 2023-07-07  |s 2023-07-07  |w 2019-11-20  |y BK  |k LIT 
952 |0 0  |1 0  |4 0  |6 823_000000000000000_TOL_1965  |7 0  |8 A  |9 311001  |a BIBEDU  |b BIBEDU  |d 2019-11-20  |h v.3  |i 1460935  |o 823 TOL 1965  |p 1460935  |r 2019-11-20  |w 2019-11-20  |y BK  |k LIT